Aplikasi gaya berfikir (Buku 6)

Bibliographic Details
Main Author: Mariam Mohamed Nor
Format: Book
Published: Selangor : Workplace-English Ent. , 2014
Series:Siri gaya berfikir
Subjects:

MARC

LEADER 00000cam a2200000 7i4500
001 0000044494
005 20150101.0
008 150101
020 |a 9671184585 
090 0 0 |a 153.42   |b MAR 
100 0 |a Mariam Mohamed Nor 
245 1 0 |a Aplikasi gaya berfikir (Buku 6)   |c Mariam Mohamed Nor & Yasser Rahmad 
260 |a Selangor :   |b Workplace-English Ent. ,   |c 2014 
440 |a Siri gaya berfikir 
650 0 |a Creative thinking 
650 0 |a Thought and thinking 
999 |a 0001310836   |b Book   |c Adult Collection   |e Cawangan Tmn. Ungku Tun Aminah 
999 |a 0001310838   |b Book   |c Children Collection   |e Cawangan Kota Tinggi 
999 |a 0001310839   |b Book   |c Adult Collection   |e Cawangan Bukit Gambir 
999 |a 0001310840   |b Book   |c Adult Collection   |e Cawangan Taman Sri Lambak 
999 |a 0001310841   |b Book   |c Adult Collection   |e Cawangan Batu Pahat 
999 |a 0001310842   |b Book   |c Adult Collection   |e Cawangan Muar 
999 |a 0001310844   |b Book   |c Adult Collection   |e Cawangan Segamat 
999 |a 0001310845   |b Book   |c Adult Collection   |e Cawangan Pontian 
999 |a 0001310846   |b Book   |c Adult Collection   |e Cawangan Tangkak 
999 |a 0001310847   |b Book   |c Adult Collection   |e Cawangan Mersing 
999 |a 0001310848   |b Book   |c Adult Collection   |e Cawangan Bandar Tenggara 
999 |a 0001311376   |b Book   |c Adult Collection   |e Perbadanan Perpustakaan Awam Johor 
999 |a 0001311377   |b Book   |c Adult Collection   |e Cawangan Urban Transformation Centre 
999 |a 0001311380   |b Book   |c Adult Collection   |e Perbadanan Perpustakaan Awam Johor 
999 |a 0001311381   |b Book   |c Adult Collection   |e Cawangan Urban Transformation Centre 
999 |a 0001311385   |b Book   |c Adult Collection   |e Cawangan AEON Kulaijaya 
999 |a 0001311388   |b Book   |c Adult Collection   |e Cawangan AEON Kulaijaya